000 00638nam a2200277Ia 4500
005 20260127113115.0
008 008 260114s9999 xx 000 0 eng d
020 _a8179751678
037 _aTextbook
040 _aPSDL
040 _beng
040 _cPSDL
041 _2eng
041 _aeng
084 _qPSDL
100 _achandra, Bipin
_91109868
245 0 _aLoaktantra Apatkal aur Jay Prakash Narayan
245 0 _cchandra, Bipin
260 _aDelhi
260 _bAnamika Publishers and distributers
260 _c2007
300 _a372p.
942 _cTB
999 _c1675819
_d1675819